WEBSTERS NEW WORLD THESAURUS (Record no. 575155)

000 -LEADER
fixed length control field 00281nam a22001217a 4500
020 ## - INTERNATIONAL STANDARD BOOK NUMBER
International Standard Book Number 0-13-948126-5
082 ## - DEWEY DECIMAL CLASSIFICATION NUMBER
Classification number 423.1 LAI'W
100 ## - MAIN ENTRY--PERSONAL NAME
Personal name LAIRD, CHARLTON
9 (RLIN) 67354
245 ## - TITLE STATEMENT
Title WEBSTERS NEW WORLD THESAURUS
260 ## - PUBLICATION, DISTRIBUTION, ETC.
Place of publication, distribution, etc. NEWYORK
Name of publisher, distributor, etc. WEBSTER
Date of publication, distribution, etc. 1985
300 ## - PHYSICAL DESCRIPTION
Extent IX,854P
942 ## - ADDED ENTRY ELEMENTS (KOHA)
Koha item type Book
Holdings
Withdrawn status Lost status Source of classification or shelving scheme Damaged status Not for loan Permanent Location Current Location Shelving location Date acquired Shelving control number Full call number Barcode Date last seen Price effective from Koha item type Public note
          College of Electrical & Mechanical Engineering (CEME) College of Electrical & Mechanical Engineering (CEME) Reference 08/01/2017 Book Cart 423.1 LAI'W CEME-27821 06/28/2021 06/28/2021 Book 1.8
© 2023 Central Library, National University of Sciences and Technology. All Rights Reserved.